Looney Tunes Characters By Picture Quiz Stats

Quiz not verified by Sporcle

Score 0/58 Timer 10:00
0 Plays Today
% Correct
Bugs Bunny
98.4%
Daffy Duck
97.9%
Porky Pig
96.7%
Tweety Bird
95.8%
Tasmanian Devil
94.3%
Sylvester
94%
Elmer Fudd
92.4%
Yosemite Sam
91.6%
Road Runner
91.4%
Marvin the Martian
91.1%
Speedy Gonzales
89%
Wile E. Coyote
88.6%
Pepe Le Pew
87.9%
Granny
86%
Foghorn Leghorn
85.4%
Witch Hazel
77.5%
Henery Hawk
65.5%
Sylvester Junior
63.8%
Michigan J. Frog
63.3%
The Three Bears
62.5%
Gossamer
60.3%
Lola Bunny
59.2%
Cecil Turtle
58.8%
Beaky Buzzard
56%
Petunia Pig
55.3%
K-9
54.8%
Ralph Wolf and Sam Sheepdog
51.4%
Nasty Canasta
49.1%
Hugo the Abominable Snowman
48.8%
% Correct
Slowpoke Rodriguez
48.8%
Penelope Pussycat
47.7%
The Barnyard Dawg
46.7%
Miss Prissy the Mother Hen
46.4%
The Three Little Bops and the Big Bad Wolf
45.2%
Pete Puma
44.2%
Rocky and Mugsy
43.5%
Hippety Hopper
43.2%
Spike the Bulldog and Chester the Terrier
38.8%
The Stork
38.1%
Tasmanian She-Devil
37.5%
Count Blood Count
35.6%
Baby Face Finster
34.2%
Marc Antony, Claude Cat, and Pussyfoot
34.1%
Melissa Duck
33.5%
Charlie Dog
31.3%
The Goofy Gophers
30.3%
Owl Jolson
28.9%
Cool Cat
28.7%
The Crusher
27.2%
Groucho Marx and Clark Gable
26.9%
Hubie and Bertie
26.8%
Dr. I.G. Hi (Ignatius Q. Hi)
25.9%
Clyde Rabbit (Bug's Bunny's Nephew)
24.6%
Peter Lorre the Mad Scientist
20.1%
Bosko
17.3%
Giovanni Jones
16%
Sniffles and the Bookworm
14.6%
Ralph Phillips
13.1%

You're not logged in!

Compare scores with friends on all Sporcle quizzes.
Sign Up with Email
OR
Log In

You Might Also Like...

Show Comments

Extras

Top Quizzes Today


Score Distribution

Your Account Isn't Verified!

In order to create a playlist on Sporcle, you need to verify the email address you used during registration. Go to your Sporcle Settings to finish the process.